000 00482nam a2200157 i 4500
001 19557
003 ES-MaACL
005 20230906152124.0
007 t|
008 021003q18701879sp ||||1| spa d
245 0 0 _aNatacha /
_cpor ***.
260 _aMadrid :
_bMedina y Navarro,
_c[ca. 187?] (
_fImp. Biblioteca de Instrucción y Recreo)
300 _a118 p. ;
_c6 cm.
594 _aPrecede al tit.: Dramas del amor.
852 _aES-MaACL
_jD-360(2)
_q. - Encuadernado con otra obra
999 _c19557
_d19557